000 00496nam a2200169Ia 4500
999 _c35445
_d35445
003 OSt
005 20201216115959.0
008 190216s9999||||xx |||||||||||||| ||und||
040 _coclc
082 _a338.954
_bGOV/A
100 _aGovernment Of India
_91019
245 0 _aAnnual Plan 1982-83 /
_cGovernment Of India
260 _bGovernment Of India,
_c1983.
_aNew Delhi:
300 _a143p
650 _aAnnual Plans
942 _cREF
_2ddc
_h338.954
_iGOV/A
_k338.954
_mGOV/A